000 01480nam a2200289 i 4500
003 CSPC
005 20241121153441.0
008 241121s2019 flu b 001 0 eng d
020 _a9781032475844
040 _cCSPC
_aCSPC
_beng
_erda
050 0 0 _aQA372
_b.R7495
082 0 0 _a515.35
_bR541e
_223
100 1 _aRoberts, Charles,
_eauthor.
245 1 0 _aElementary differential equations /
_cCharles Roberts.
250 _aSecond edition.
264 1 _aBoca Raton, Florida :
_bCRC Press, an imprint of Taylor & Francis Group,
_c2019.
300 _axvii, 536 pages ;
_c24 cm.
336 _atext
_2rdacontent
337 _aunmediated
_2rdamedia
338 _avolume
_2rdacarrier
490 _aTextbooks in mathematics
504 _aIncludes bibliographical references and index.
505 0 _aIntroduction -- The initial value problem y' = f(x,y); y(c)=d -- Applications of the initial value problem -- N-th order linear differential equations -- The laplace transform method -- Applications of linear differential equations with constant coefficients -- Systems of first-order differential equations -- Linear systems of first-order differential equations -- Applications of linear systems with constant coefficients -- Applications of systems of equations.
650 0 _a Differential equations
_vTexbooks.
942 _2ddc
_n0
_cBK
_h515.35
_iR541e
_kENG
_m2019
_e23
999 _c28497
_d28497